000 00726nam a22002057a 4500
005 20161020123606.0
010 _a ENG-116238
020 _a9780199459698
_c995.00
035 _aEN-99770
037 _bDBAD/PUB
082 _a350.488914
245 _aFirst citizens :
_bstudies on adivasis, tribals, and indigenous peoples in India /
_cedited by Meena Radhakrishna
260 _aNew Delhi
_bOxford University Press
_c2016
270 _aYMCA Library Building, 1 Jai Singh Road,
_bNew Delhi
_e110001
300 _aviii,444p.
_c22cm(Hb)
490 _aOxford India Studies in Contemporary Society
500 _aIncludes index
700 _a Meena Radhakrishna
942 _2ddc
_cEN
_mFIR
_h305.488914
999 _c104080
_d104080